Slovník francúzsko-slovenský a slovensko-francúzsky slovník CD-ROM

Salvato in:
Dettagli Bibliografici
Natura: Multimedia Libro
Lingua:francese
slovacco
Pubblicazione: Bratislava : Lingea, 2002
Edizione:1. vyd.
Soggetti:
Tags: Aggiungi Tag
Nessun Tag, puoi essere il primo ad aggiungerne!!

MARC

LEADER 00000npm a22000003a 4500
001 stu26750
005 20150408162435.5
008 920916s2002----xo------------------fre-d
040 |a STU  |b slo 
041 0 |a fre  |a slo 
044 |a xo 
080 |a 811´374.822=133.1=162.4 
245 |a Slovník francúzsko-slovenský a slovensko-francúzsky slovník CD-ROM 
250 |a 1. vyd. 
260 |a Bratislava :  |b Lingea,  |c 2002 
300 |a CD-ROM 
650 7 |a dvojjazyčné slovníky obojstranné  |2 stusub 
996 |b CUP238  |c C*UP238  |l CCX  |s P  |a 0  |w stu26750_0001 
996 |b 284V029017  |c V*40802/O-17252  |l VVT  |s A  |a 24  |w stu26750_0002 
996 |b 284J032569  |c J*107969  |l JJK16  |s P  |a 0  |w stu26750_0003